00470nam a22001577a 450000500170000001000150001702000230003203500140005503700130006908200080008210000220009024501050011226000280021727000410024530000260028620170623120218.0 aENG-118897 a8189297236c250.00 aEN-102429 bDBAD/PUB a921 aRadhakrishan, S.  aDr. S. Radhakrishnan :ba great philospher, teacher & 2nd president of India /cby S. Radhakrishnan aDelhibVijay Goelc2011 aS-16,Naveen ShahadarabDelhie110032 axiii,263p.c22cm(pbk)